[Event "Kochan Memorial op 17th"]
[Site "Koszalin"]
[Date "2006.08.08"]
[Round "5"]
[White "Dudek, Andrzej"]
[Black "Eichler, Gottfried Johannes"]
[Result "1/2-1/2"]
[WhiteElo "2215"]
[BlackElo "2082"]
[PlyCount "79"]
[EventDate "2006.08.04"]
[EventType "swiss"]
[EventRounds "10"]
[EventCountry "POL"]
[SourceTitle "CBM 113 Extra"]
[Source "ChessBase"]
[SourceDate "2006.09.14"]
[SourceVersion "1"]
[SourceVersionDate "2006.09.14"]
[SourceQuality "1"]

1. c4 e5 2. Nc3 Nf6 3. g3 d5 4. cxd5 Nxd5 5. Bg2 Nb6 6. d3 Be7 7. Nf3 Nc6 8. a3 a5 9. Be3 Be6 10. Rc1 0-0 11. Na4 Nxa4 12. Qxa4 Bd5 13. 0-0 Bd6 14. Bc5 Ne7 15. Qh4 f6 16. Bh3 b6 17. Bxd6 Qxd6 18. Nd2 c5 19. Nc4 Bxc4 20. Qxc4+ Kh8 21. Bg2 Ra7 22. Qb5 Nf5 23. e3 Rd8 24. Rfd1 Rad7 25. Be4 Ne7 26. Bf3 Qe6 27. Kg2 Rd6 28. Rc4 Qd7 29. Qb3 g6 30. Rh4 Qe6 31. Qc3 Nf5 32. Re4 Qf7 33. Be2 R6d7 34. b4 Nd6 35. Rg4 h5 36. Rh4 Nf5 37. Rc4 axb4 38. axb4 Nd6 39. Rh4 Nf5 40. Rc4 1/2-1/2

[Event "Kochan Memorial op 17th"]
[Site "Koszalin"]
[Date "2006.08.06"]
[Round "3"]
[White "Puszczewicz, Krzysztof"]
[Black "Dudek, Andrzej"]
[Result "1-0"]
[WhiteElo "2134"]
[BlackElo "2215"]
[PlyCount "105"]
[EventDate "2006.08.04"]
[EventType "swiss"]
[EventRounds "10"]
[EventCountry "POL"]
[SourceTitle "CBM 113 Extra"]
[Source "ChessBase"]
[SourceDate "2006.09.14"]
[SourceVersion "1"]
[SourceVersionDate "2006.09.14"]
[SourceQuality "1"]

1. e4 c5 2. Nc3 Nc6 3. g3 g6 4. d3 Bg7 5. Be3 d6 6. Qd2 Bd7 7. Bg2 Nd4 8. Nd1 Rb8 9. c3 Nc6 10. Ne2 e5 11. 0-0 Nf6 12. Bh6 0-0 13. Bxg7 Kxg7 14. Ne3 Ne7 15. f4 Ng4 16. f5 Nf6 17. g4 Neg8 18. g5 Nh5 19. f6+ Ngxf6 20. gxf6+ Nxf6 21. Rf3 h5 22. Raf1 Ng4 23. h3 Nh6 24. Nd5 f5 25. exf5 Nxf5 26. Ng3 Qh4 27. Nxf5+ Rxf5 28. Qf2 Qxf2+ 29. R1xf2 b5 30. Ne3 Rxf3 31. Rxf3 Be6 32. Rf1 a5 33. Bd5 Bxh3 34. Rf7+ Kh6 35. Kh2 Bg4 36. Nxg4+ hxg4 37. Kg3 Kg5 38. Rb7 Rh8 39. Bg2 c4 40. Rxb5 cxd3 41. Rd5 Rb8 42. b3 Rb6 43. Rxd3 Kf5 44. Rd5 Ra6 45. Bf1 Rc6 46. c4 a4 47. Bd3+ Ke6 48. b4 a3 49. b5 Rc8 50. b6 e4 51. Be2 Rb8 52. Bxg4+ Ke7 53. Rb5 1-0

[Event "Kochan Memorial op 17th"]
[Site "Koszalin"]
[Date "2006.08.04"]
[Round "1"]
[White "Dudek, Andrzej"]
[Black "Quinn, Rory"]
[Result "0-1"]
[WhiteElo "2215"]
[BlackElo "1979"]
[PlyCount "66"]
[EventDate "2006.08.04"]
[EventType "swiss"]
[EventRounds "10"]
[EventCountry "POL"]
[SourceTitle "CBM 113 Extra"]
[Source "ChessBase"]
[SourceDate "2006.09.14"]
[SourceVersion "1"]
[SourceVersionDate "2006.09.14"]
[SourceQuality "1"]

1. c4 e5 2. Nc3 Nf6 3. g3 d5 4. cxd5 Nxd5 5. Bg2 Nb6 6. Nf3 Nc6 7. 0-0 Be7 8. d3 0-0 9. b3 f5 10. Bb2 Bf6 11. a4 a5 12. Rc1 Be6 13. Nb5 Rf7 14. Nd2 Rd7 15. Rxc6 bxc6 16. Bxc6 Rb8 17. Bxd7 Qxd7 18. Qc2 c6 19. Na3 Nd5 20. Nac4 Nb4 21. Qc1 Qd5 22. Ne3 Qd8 23. Ndc4 f4 24. Ng2 f3 25. exf3 Nxd3 26. Qc2 Nxb2 27. Nxb2 Bxb3 28. Qc1 Bd5 29. Rd1 Qb6 30. Nc4 Qb4 31. Nge3 Bxf3 32. Re1 Rd8 33. h3 e4 0-1

[Event "POL-chT Region"]
[Site "Poland"]
[Date "1999.??.??"]
[Round "?"]
[White "Dudek, Andrzej"]
[Black "Szopa, Janusz"]
[Result "1-0"]
[WhiteElo "2215"]
[BlackElo "2030"]
[PlyCount "77"]
[EventDate "1999.??.??"]
[EventType "team"]
[EventRounds "13"]
[EventCountry "POL"]
[SourceTitle "EXT 2002"]
[Source "ChessBase"]
[SourceDate "2001.11.25"]
[SourceVersion "1"]
[SourceVersionDate "2001.11.25"]
[SourceQuality "1"]

1. e4 d6 2. d4 Nf6 3. Bd3 g6 4. f4 Bg7 5. Nf3 0-0 6. 0-0 Nbd7 7. e5 Ne8 8. c3 c5 9. Kh1 Rb8 10. a4 b6 11. Qe2 Nc7 12. f5 cxd4 13. cxd4 dxe5 14. fxg6 hxg6 15. dxe5 Ne6 16. Bc4 Qc7 17. Bxe6 fxe6 18. Bg5 Nxe5 19. Nbd2 Nxf3 20. Nxf3 e5 21. Rac1 Qd6 22. Rfd1 Qe6 23. h3 Bb7 24. Nh2 Rf5 25. Qg4 Qf7 26. Rc7 Bf6 27. Bxf6 Qxf6 28. Rdd7 Rg5 29. Qc4+ Kf8 30. Rxb7 Rxb7 31. Qc8+ Kf7 32. Qxb7 Rf5 33. Qd5+ Kg7 34. Rd8 Rf2 35. b3 Rf4 36. Kg1 Qf7 37. Qxe5+ Qf6 38. Qxf6+ Kxf6 39. Rf8+ 1-0

[Event "POL-chT Region"]
[Site "Poland"]
[Date "1999.??.??"]
[Round "?"]
[White "Moroz, Henryk"]
[Black "Dudek, Andrzej"]
[Result "0-1"]
[WhiteElo "2102"]
[BlackElo "2215"]
[PlyCount "103"]
[EventDate "1999.??.??"]
[EventType "team"]
[EventRounds "13"]
[EventCountry "POL"]
[SourceTitle "EXT 2002"]
[Source "ChessBase"]
[SourceDate "2001.11.25"]
[SourceVersion "1"]
[SourceVersionDate "2001.11.25"]
[SourceQuality "1"]

1. e4 e5 2. Nf3 Nc6 3. d4 exd4 4. Nxd4 Nxd4 5. Qxd4 Qf6 6. e5 Qb6 7. Be3 Ne7 8. Qxb6 axb6 9. Nc3 Nf5 10. Nd5 Nxe3 11. fxe3 Kd8 12. Be2 Ra5 13. Bf3 c6 14. Nxb6 Rxe5 15. 0-0-0 f5 16. Rhe1 Bc5 17. Nc4 Re6 18. e4 Rhe8 19. e5 b5 20. Na5 Kc7 21. c3 Rxe5 22. Rxe5 Rxe5 23. b4 Bb6 24. Nb3 Re7 25. Kd2 d6 26. Nd4 Bd7 27. Be2 Bxd4 28. cxd4 Be6 29. Bd3 g6 30. Re1 Kd7 31. a3 Re8 32. Kc3 Ra8 33. Kb2 Rf8 34. Ra1 Bd5 35. g3 Be4 36. Kc3 Bxd3 37. Kxd3 Ra8 38. h4 Ke6 39. Ke3 h6 40. Kf4 Kf6 41. Kf3 g5 42. h5 Ke6 43. Re1+ Kd5 44. Re3 Kxd4 45. Re6 Rxa3+ 46. Kg2 Ra2+ 47. Kh1 Kd5 48. Rxh6 c5 49. bxc5 dxc5 50. Rh8 Ke4 51. h6 Kf3 52. Rg8 0-1